000 01906nam a2200493 i 4500
001 30113
003 KOSZ 005
005 20200723102116.0
008 970510s1993 pl f |000 0 pol
015 _aUWD 1994/5502
035 _a991000531209705066
035 _a(PL-WaBN)b10183772-48omnis_nlop
035 _ab10183772
035 _a(OCoLC)834004584
035 _a(PL)b0000001018377
035 _a(EXLNZ-48OMNIS_NETWORK)9910290862705606
040 _aWA N
_cWA N
_dKOSZ 005/EG
041 0 _apol
_beng
080 _a502.4
080 _a502.6
080 _a(438)
245 0 0 _aProgram rezerwatowej ochrony przyrody i krajobrazu polskich Karpat na tle aktualnej sieci obszarów chronionych =
_bProgramme of reserve protection of nature and landscape in the Polish Carpathians against a background of the actual net of protected areas /
_coprac. zbiorowe pod kier. Zygmunta Danisiuka ; Polska Akademia Nauk. Instytut Ochrony Przyrody.
260 _aKraków :
_bPAN. IOP,
_c1993.
300 _a101 s., 7 k. map złoż. ;
_c24 cm.
336 _aTekst
_btxt
_2rdacontent
337 _aBez urządzenia pośredniczącego
_bn
_2rdamedia
338 _aWolumin
_bnc
_2rdacarrier
380 _aKsiążki
388 _a1901-2000
388 _a1989-2000
490 1 _aStudia Naturae,
_x0081-6760 ;
_v39
504 _aBibliogr. s. 88-95. - Summ.
650 7 _aObszary chronione
_2DBN
650 7 _aGeografia fizyczna
_2DBN
651 7 _aKarpaty (góry)
_2DBN
651 7 _aPolska
_2DBN
658 _aOchrona środowiska
700 1 _aDenisiuk, Zygmunt
_d(1931-2017)
_eRedakcja
710 2 _aInstytut Ochrony Przyrody (Polska Akademia Nauk)
_4pbl
830 0 _aStudia Naturae
_v39
856 _uhttp://koha.tu.koszalin.pl/cgi-bin/koha/opac-detail.pl?biblionumber=30113
_yKatalog online BPK
942 _2UKD
_cKS
999 _c30113
_d30113